| 000 | 01910nam2a2200253 4500 | ||
|---|---|---|---|
| 001 | RU\NLR\BIBL_A\012516459 | ||
| 005 | 20211019164135.0 | ||
| 021 |
_aRU _bКН-П-20-086542 _9КН-П-20-6583 |
||
| 035 | _a(NLR Aleph) 012516459 | ||
| 090 |
_a12304137 _c12304137 |
||
| 100 | _a20210512d2020 u y0rusy50 ca | ||
| 101 | 0 | _arus | |
| 102 | _aRU | ||
| 105 | _aa j 000zy | ||
| 200 | 1 | _aАлгоритмическое обеспечение спутниковых радионавигационных систем | |
| 210 | _d2020 | ||
| 215 |
_a111, [1] с. _cил., табл. |
||
| 320 | _aБиблиогр.: с. 89-91 (30 назв.) и в прил. | ||
| 461 | 0 |
_1001RU\NLR\BIBL_A\012516455 _12001#$aОсновы теории радионавигационных систем и комплексов$vЧ. 2 _1700#1$aСлюсаренко$bА. С.$gАлександр Сергеевич _912304118 _aСлюсаренко, А. С. _cСанкт-Петербург _d2020 _fА. С. Слюсаренко, С. Г. Бурлуцкий, В. Д. Маркович Вивас _nГУАП _oучебно-методическое пособие : для подготовки бакалавров, инженеров (специалистов) и магистров в области технической эксплуатации аэрокосмической техники по направлениям 24.03.02, 24.05.06, 25.03.01, 25.03.02 : в 3 ч. _tОсновы теории радионавигационных систем и комплексов _vЧ. 2 |
|
| 606 | 1 |
_aСпутниковые радионавигационные системы _jУчебно-методические пособия для высших учебных заведений _xОбработка сигналов _92343552 _3RU\NLR\AUTH\6601624020 |
|
| 942 | _cBOOK | ||
| 980 | _aNB | ||